Theoretical heterogeneous catalysis

Na minha lista:
Detalhes bibliográficos
Autor principal: Santen, R. A. van (Rutger A.)
Formato: Livro
Idioma:Vietnamese
Publicado em: World Scientific 1991
Tags: Adicionar Tag
Sem tags, seja o primeiro a adicionar uma tag!
Thư viện lưu trữ: Mạng thư viện Đại học Đà Nẵng
LEADER 00636nam a2200253 4500
001 000021791
003 18239
005 20150423100402.0
008 150423s1991 viesd
020 |c 00 
041 0 |a vie 
082 1 4 |a 541,395  |b SA-R 
100 1 |a Santen, R. A. van (Rutger A.) 
245 1 0 |a Theoretical heterogeneous catalysis  |c R.A. van Santen 
260 |b World Scientific  |c 1991 
300 |a tr.  |c cm. 
OWN |a LSP 
999 |a From the UDN01 
TYP |a Monograph 
TYP |a Printed language 
980 |a Mạng thư viện Đại học Đà Nẵng